| 000 | 00678cam a2200241 i 4500 | ||
|---|---|---|---|
| 999 |
_c20839 _d20839 |
||
| 001 | 3191947 | ||
| 003 | BDDh-ASL | ||
| 005 | 20231015025937.0 | ||
| 008 | 770511s1975 pk 000 0 eng | ||
| 010 | _a 76938596 | ||
| 020 | _cRs6.75 | ||
| 040 |
_aDLC _cDLC _dDLC _dBDDh-ASL |
||
| 050 | 0 | 0 |
_aBP161.2 _b.A47 |
| 082 | 0 | 0 |
_a297.5 _bAJW |
| 100 | 1 |
_aAjijola, Adeleke Dirisu, _d1932- |
|
| 245 | 1 | 0 |
_aWhy I believe in Islam? / _cA. D. Ajijola. |
| 250 | _a1st ed. | ||
| 260 |
_aLahore : _bIslamic Publications, _c1975. |
||
| 300 |
_aix, 65 p. : _c18 cm. |
||
| 650 | 0 |
_aIslam _xEssence, genius, nature. |
|
| 906 |
_a7 _bcbc _corignew _d4 _encip _f19 _gy-gencatlg |
||
| 942 |
_2ddc _cBK |
||